[Event "C.to Provinciale CO"]
[Site "Mariano Comense ITA"]
[Date "2005.03.05"]
[Round "1"]
[White "Liscio, Giovanni"]
[Black "Viale, Fabio"]
[Result "1-0"]
[WhiteElo "1964"]
[BlackElo "1577"]
[PlyCount "59"]
[EventDate "2005.03.05"]

1. Nf3 Nf6 2. d4 b6 3. c4 e6 4. Nc3 Bb7 5. e3 c5 6. d5 exd5 7. cxd5 d6 8. e4
Be7 9. h3 Nbd7 10. Bf4 O-O 11. Bc4 a6 12. a4 Re8 13. O-O Bf8 14. Re1 Qc7 15.
Bh2 Ne5 16. Nd2 Bc8 17. f4 Ng6 18. Nf3 Nh5 19. Qd2 f5 20. e5 Bd7 21. e6 Bxa4
22. Bd3 c4 23. Bxf5 Qc5+ 24. Kh1 Bb3 25. g4 Ne7 26. Bxh7+ Kxh7 27. gxh5 Nf5 28.
Qg2 Ne3 29. Qg6+ Kg8 30. Ng5 1-0

[Event "C.to Provinciale CO"]
[Site "Mariano Comense ITA"]
[Date "2005.03.05"]
[Round "1"]
[White "Mason, Giovanni"]
[Black "Napoli, Ferdinando"]
[Result "1/2-1/2"]
[WhiteElo "1556"]
[BlackElo "1862"]
[PlyCount "85"]
[EventDate "2005.03.05"]

1. e4 c5 2. Nf3 d6 3. Nc3 Nf6 4. d4 cxd4 5. Nxd4 a6 6. h3 e5 7. Nb3 Be6 8. Be3
Nc6 9. Nd2 d5 10. exd5 Nxd5 11. Nxd5 Qxd5 12. c3 Be7 13. f3 Bh4+ 14. Bf2 Bxf2+
15. Kxf2 O-O-O 16. Ke1 Qc5 17. Qe2 f5 18. g4 g6 19. Rh2 Rd7 20. Qf2 Qd6 21. Nc4
Bxc4 22. Bxc4 Rhd8 23. Bb3 Na5 24. Qc2 Nxb3 25. axb3 e4 26. fxe4 fxe4 27. Qe2
e3 28. Rg2 Qf4 29. Qc4+ Qxc4 30. bxc4 Rd2 31. Re2 Rxe2+ 32. Kxe2 Rd2+ 33. Kxe3
Rh2 34. Rf1 Rxh3+ 35. Rf3 Rxf3+ 36. Kxf3 Kd7 37. g5 Ke6 38. Ke4 b6 39. b3 a5
40. Kd4 Kd6 41. Ke4 Ke6 42. Kf4 Kd6 43. Ke4 1/2-1/2

[Event "C.to Provinciale CO"]
[Site "Mariano Comense ITA"]
[Date "2005.03.05"]
[Round "1"]
[White "Pede, Lucio"]
[Black "Bellotto, Stefano"]
[Result "0-1"]
[WhiteElo "1694"]
[BlackElo "2041"]
[PlyCount "84"]
[EventDate "2005.03.05"]

1. e4 d6 2. f4 Nf6 3. e5 dxe5 4. fxe5 Nd5 5. c4 Nb4 6. d4 Qxd4 7. Qxd4 Nc2+ 8.
Kd2 Nxd4 9. Nf3 Nbc6 10. Nxd4 Nxd4 11. Kc3 c5 12. Be3 Bf5 13. Na3 O-O-O 14. Bf2
g5 15. Nb5 Nxb5+ 16. cxb5 Bg7 17. Bg3 h5 18. h3 Be4 19. Re1 f5 20. Rg1 Bh6 21.
Bc4 g4 22. Re2 Bg5 23. h4 Bh6 24. Rf1 Rhf8 25. Be6+ Kc7 26. Bc4 Kc8 27. Be6+
Kb8 28. Bc4 Ka8 29. Rfe1 b6 30. Bf2 Bxg2 31. Bxc5 bxc5 32. Rxg2 f4 33. Bd3 f3
34. Be4+ Kb8 35. Rf2 g3 36. Rc2 f2 37. Rf1 Rd4 38. Bg2 Rxh4 39. Kd3 Rd4+ 40.
Ke2 Rf5 41. Rb1 Rxe5+ 42. Kf1 Bd2 0-1

[Event "C.to Provinciale CO"]
[Site "Mariano Comense ITA"]
[Date "2005.03.05"]
[Round "1"]
[White "Piemonti, Carlo"]
[Black "Concavo, Daniele"]
[Result "1/2-1/2"]
[WhiteElo "1850"]
[BlackElo "1482"]
[PlyCount "57"]
[EventDate "2005.03.05"]

1. e4 c5 2. Nf3 Nc6 3. Bb5 g6 4. O-O Bg7 5. c3 Nf6 6. e5 Nd5 7. d4 cxd4 8. cxd4
O-O 9. Bxc6 dxc6 10. Nc3 Bg4 11. h3 Bf5 12. Bg5 h6 13. Be3 Qa5 14. Qd2 Kh7 15.
Nh4 Rad8 16. Nxf5 gxf5 17. Qc2 e6 18. Ne2 Rg8 19. Rac1 Nxe3 20. fxe3 Bxe5 21.
dxe5 Rd2 22. Qc4 b5 23. Qxc6 Rxe2 24. Rf2 Rxf2 25. Kxf2 Qd2+ 26. Kg1 Qxe3+ 27.
Kh1 Qxe5 28. Qb7 Rg7 29. Rc7 1/2-1/2

[Event "C.to Provinciale CO"]
[Site "Mariano Comense ITA"]
[Date "2005.03.05"]
[Round "1"]
[White "Raineri, Pieroberto"]
[Black "Molteni, Costantino"]
[Result "0-1"]
[WhiteElo "1583"]
[BlackElo "1986"]
[PlyCount "32"]
[EventDate "2005.03.05"]

1. Nf3 Nf6 2. Nc3 d5 3. e3 c5 4. d4 Bg4 5. h3 Bh5 6. g4 Bg6 7. Ne5 Nc6 8. Bb5
Qc7 9. h4 h6 10. Nxg6 fxg6 11. Qd3 O-O-O 12. Qxg6 cxd4 13. Ne2 Qa5+ 14. Bd2
Qxb5 15. exd4 e6 16. O-O Qxe2 0-1

[Event "C.to Provinciale CO"]
[Site "Mariano Comense ITA"]
[Date "2005.03.05"]
[Round "1"]
[White "Rossi, Giampiero"]
[Black "Corti, Filippo"]
[Result "1-0"]
[WhiteElo "2029"]
[BlackElo "1640"]
[PlyCount "139"]
[EventDate "2005.03.05"]

1. d4 Nf6 2. c4 g6 3. g3 Bg7 4. Bg2 d6 5. Nc3 O-O 6. Nf3 Nc6 7. O-O e5 8. dxe5
dxe5 9. Bg5 Be6 10. b3 Qxd1 11. Raxd1 h6 12. Be3 a6 13. h3 Rfd8 14. Na4 Nd7 15.
Nc5 Nxc5 16. Bxc5 Rxd1 17. Rxd1 Rd8 18. Rxd8+ Nxd8 19. Nd2 Bf8 20. Ne4 Bxc5 21.
Nxc5 Bc8 22. e3 Kf8 23. h4 Kg7 24. Kf1 f5 25. Nd3 Kf6 26. f4 e4 27. Nb4 c6 28.
Kf2 Ne6 29. g4 a5 30. g5+ hxg5 31. hxg5+ Ke7 32. Nc2 Kd6 33. Bf1 Nc5 34. Ke1 b6
35. Kd2 Ba6 36. Nd4 Bc8 37. Kc3 Ne6 38. Ne2 c5 39. Ng3 Ng7 40. Bh3 Bd7 41. a3
Kc6 42. b4 axb4+ 43. axb4 cxb4+ 44. Kxb4 Kd6 45. Ne2 Ne6 46. Nc3 Nc5 47. Bf1
Na6+ 48. Kb3 Nc5+ 49. Ka3 Bc6 50. Be2 Na6 51. Nb1 Kc5 52. Nd2 Kd6 53. Nb3 Nc5
54. Nd4 Bd7 55. Kb4 Nd3+ 56. Bxd3 exd3 57. Kc3 d2 58. Kxd2 Kc5 59. Kc3 Be8 60.
Nb3+ Kc6 61. Kd4 Bf7 62. Nd2 b5 63. Nf3 Bxc4 64. Ne5+ Kd6 65. Nxg6 Be6 66. Ne5
b4 67. Nd3 b3 68. Nb2 Bd5 69. Kc3 Ke6 70. Nd3 1-0

[Event "C.to Provinciale CO"]
[Site "Mariano Comense ITA"]
[Date "2005.03.06"]
[Round "2"]
[White "Bellotto, Stefano"]
[Black "Rossi, Giampiero"]
[Result "0-1"]
[WhiteElo "2041"]
[BlackElo "2029"]
[PlyCount "92"]
[EventDate "2005.03.05"]

1. e4 c5 2. Nf3 e6 3. d3 Nc6 4. g3 d6 5. Bg2 Nf6 6. O-O Be7 7. Re1 O-O 8. Nbd2
Qc7 9. Nf1 Bd7 10. c3 Rfc8 11. Qe2 Rab8 12. Nh4 b5 13. f4 b4 14. Be3 bxc3 15.
bxc3 Bf8 16. g4 Qd8 17. g5 Ne8 18. Qg4 g6 19. Ng3 Bg7 20. Rf1 Bxc3 21. Rac1 Bd4
22. Bxd4 Nxd4 23. f5 e5 24. Nf3 Rb2 25. h4 Qa5 26. Nxd4 cxd4 27. Rxc8 Bxc8 28.
Qf3 Qxa2 29. h5 Rb1 30. hxg6 Rxf1+ 31. Nxf1 hxg6 32. Nh2 Qb1+ 33. Kf2 Qc1 34.
Bh3 Qd2+ 35. Kg1 Qxg5+ 36. Kh1 Qc1+ 37. Kg2 Qe3 38. Qf1 Nf6 39. Ng4 Nxg4 40.
Bxg4 gxf5 41. Bxf5 Qg5+ 42. Kh1 Bxf5 43. exf5 Qh4+ 44. Kg1 Qg5+ 45. Kh1 Kg7 46.
Qf3 Kf6 0-1

[Event "C.to Provinciale CO"]
[Site "Mariano Comense ITA"]
[Date "2005.03.06"]
[Round "2"]
[White "Concavo, Daniele"]
[Black "Mason, Giovanni"]
[Result "1-0"]
[WhiteElo "1482"]
[BlackElo "1556"]
[PlyCount "51"]
[EventDate "2005.03.05"]

1. e4 c5 2. Nf3 d6 3. d4 cxd4 4. Nxd4 a6 5. Nc3 e5 6. Nb3 Be6 7. Be3 Nf6 8. Qd2
b5 9. a3 Nc6 10. g3 Be7 11. Bg2 Bxb3 12. cxb3 O-O 13. Nd5 Nxd5 14. Qxd5 Rc8 15.
Bh3 Bg5 16. Bxg5 Qxg5 17. Bxc8 Nd4 18. f4 Qh6 19. Rc1 {19.. Nf6 illegal move}
19... Ne6 20. -- Nc7 21. -- Ne8 22. -- Nf6 23. Qxd6 exf4 24. Qxf4 g5 25. Qf5
Re8 26. O-O 1-0

[Event "C.to Provinciale CO"]
[Site "Mariano Comense ITA"]
[Date "2005.03.06"]
[Round "2"]
[White "Corti, Filippo"]
[Black "Buonocore, Elio"]
[Result "0-1"]
[WhiteElo "1640"]
[BlackElo "2170"]
[PlyCount "62"]
[EventDate "2005.03.05"]

1. Nf3 f5 2. e4 fxe4 3. Ng5 d5 4. d3 Qd6 5. dxe4 h6 6. Nf3 dxe4 7. Qxd6 exd6 8.
Nd4 Nf6 9. Bc4 d5 10. Be2 Bd7 11. Bf4 Bc5 12. Nb5 Bxb5 13. Bxb5+ c6 14. Be2
Nbd7 15. Nd2 O-O 16. Bg3 e3 17. Nf3 Ne4 18. fxe3 Bxe3 19. Bd3 Rae8 20. Kd1 g5
21. Be1 g4 22. Nh4 Nf2+ 23. Bxf2 Rxf2 24. Nf5 Rd2+ 25. Ke1 Bg5+ 26. Kf1 Rf8 27.
h4 gxh3 28. Rxh3 Ne5 29. Kg1 Nxd3 30. Nxh6+ Bxh6 31. cxd3 Bg7 0-1

[Event "C.to Provinciale CO"]
[Site "Mariano Comense ITA"]
[Date "2005.03.06"]
[Round "2"]
[White "Dei Giudici, Paolo"]
[Black "Pede, Lucio"]
[Result "0-1"]
[WhiteElo "1754"]
[BlackElo "1694"]
[PlyCount "100"]
[EventDate "2005.03.05"]

1. e4 e5 2. Nf3 Nc6 3. Bb5 a6 4. Ba4 b5 5. Bb3 d6 6. c3 Be7 7. O-O Nf6 8. Re1
O-O 9. d3 Bg4 10. Nbd2 Na5 11. Bc2 c5 12. Nf1 Qc7 13. Ng3 b4 14. h3 Be6 15. Ng5
Nc6 16. Nxe6 fxe6 17. Be3 bxc3 18. bxc3 Rab8 19. Bb3 d5 20. exd5 Nxd5 21. Ne4
Na5 22. Qg4 Rb6 23. Bd2 Nxb3 24. axb3 Nf6 25. Qd1 Qd7 26. Qc2 Rd8 27. Re3 Nxe4
28. Rxe4 Qxd3 29. Qxd3 Rxd3 30. Be1 Bf6 31. Ra5 Rc6 32. Rea4 Rdd6 33. Ra3 Bd8
34. R5a4 Kf7 35. c4 e4 36. Ra2 Rd3 37. Rxa6 Rxa6 38. Rxa6 Rxb3 39. Ra2 Rb1 40.
Re2 Ba5 41. Kf1 Rxe1+ 42. Rxe1 Bxe1 43. Kxe1 Kf6 44. Ke2 Ke5 45. Ke3 g5 46. g3
h5 47. f4+ exf3 48. Kxf3 Kd4 49. h4 gxh4 50. gxh4 Kxc4 0-1

[Event "C.to Provinciale CO"]
[Site "Mariano Comense ITA"]
[Date "2005.03.06"]
[Round "2"]
[White "Grassetto, Gilberto"]
[Black "Raineri, Pieroberto"]
[Result "1-0"]
[WhiteElo "1724"]
[BlackElo "1583"]
[PlyCount "47"]
[EventDate "2005.03.05"]

1. d4 d5 2. Nf3 Nf6 3. e3 e6 4. a3 c6 5. c4 Nbd7 6. b4 dxc4 7. Bxc4 b5 8. Bd3
a5 9. bxa5 Rxa5 10. O-O Bb7 11. Bb2 Qa8 12. e4 c5 13. e5 Bxf3 14. Qxf3 Qxf3 15.
gxf3 Nd5 16. dxc5 Bxc5 17. Nd2 f5 18. exf6 N7xf6 19. Nb3 Nf4 20. Nxc5 b4 21.
axb4 Rxc5 22. bxc5 Nxd3 23. Bxf6 gxf6 24. Ra8+ 1-0

[Event "C.to Provinciale CO"]
[Site "Mariano Comense ITA"]
[Date "2005.03.06"]
[Round "2"]
[White "Molteni, Costantino"]
[Black "Gagliardi, Christian"]
[Result "0-1"]
[WhiteElo "1986"]
[BlackElo "2091"]
[PlyCount "128"]
[EventDate "2005.03.05"]

1. Nf3 Nf6 2. c4 g6 3. Nc3 Bg7 4. e4 d6 5. d4 O-O 6. Be2 Nbd7 7. O-O e5 8. d5
a5 9. Qc2 Nc5 10. Nd2 c6 11. Nb3 Nxb3 12. Qxb3 c5 13. Be3 Ne8 14. Qc2 f5 15. f4
Qe7 16. exf5 Bxf5 17. Qd2 Nc7 18. Rae1 Qd7 19. Bd3 b6 20. Ne4 Bxe4 21. Bxe4
Rae8 22. Bd3 Na6 23. fxe5 Bxe5 24. b3 Nb8 25. Rxf8+ Rxf8 26. Rf1 Rxf1+ 27. Bxf1
Qf5 28. Bd3 Qf6 29. Qf2 Kg7 30. Qxf6+ Kxf6 31. Kf2 Bd4 32. Bc2 Bxe3+ 33. Kxe3
Ke5 34. h4 Nd7 35. Bd1 h6 36. Bg4 Nf6 37. Be6 g5 38. hxg5 hxg5 39. Bf7 Ng4+ 40.
Kf3 Nh6 41. Bg6 Kd4 42. Be8 Kc3 43. Bb5 Kb2 44. a4 Kxb3 45. Ke4 Kc2 46. Bd7 Kd2
47. Kf3 Kd3 48. Bb5 Kd4 49. Ba6 Ke5 50. Bc8 Ng8 51. Ke3 Nf6 52. Ba6 Ne4 53. Kd3
Kf4 54. Bc8 Nf6 55. Ke2 Kg3 56. Kf1 Nh5 57. Bf5 Nf4 58. Be4 g4 59. Kg1 Nh5 60.
Kf1 Kf4 61. Bg6 Nf6 62. Kf2 g3+ 63. Ke2 Ng4 64. Bh5 Ne3 0-1

[Event "C.to Provinciale CO"]
[Site "Mariano Comense ITA"]
[Date "2005.03.06"]
[Round "2"]
[White "Napoli, Ferdinando"]
[Black "Piemonti, Carlo"]
[Result "1-0"]
[WhiteElo "1862"]
[BlackElo "1850"]
[PlyCount "47"]
[EventDate "2005.03.05"]

1. e4 c5 2. Nf3 d6 3. d4 cxd4 4. Nxd4 Nf6 5. Nc3 Nc6 6. Bg5 e6 7. Qd2 a6 8.
O-O-O h6 9. Be3 Nxd4 10. Bxd4 b5 11. f3 Qa5 12. Kb1 b4 13. Ne2 e5 14. Bf2 Be6
15. Nc1 Rb8 16. Qd3 Ra8 17. g3 Qc7 18. h4 Be7 19. Bh3 Bc4 20. Qe3 Nd7 21. f4
Nc5 22. Nb3 Na4 23. fxe5 dxe5 24. Bd7+ 1-0

[Event "C.to Provinciale CO"]
[Site "Mariano Comense ITA"]
[Date "2005.03.06"]
[Round "2"]
[White "Perissinotto, Claudio"]
[Black "Liscio, Giovanni"]
[Result "1-0"]
[WhiteElo "2100"]
[BlackElo "1964"]
[PlyCount "49"]
[EventDate "2005.03.05"]

1. e4 c5 2. Nf3 Nc6 3. d4 cxd4 4. Nxd4 e5 5. Nb5 d6 6. c4 Nf6 7. N1c3 Be6 8.
Be2 a6 9. Na3 h6 10. Be3 Be7 11. Qd2 Rc8 12. h3 Na5 13. b3 d5 14. exd5 Bxd5 15.
Nxd5 Nxd5 16. cxd5 Bxa3 17. O-O b5 18. Bg4 Rb8 19. f4 Bd6 20. fxe5 Bxe5 21.
Rae1 O-O 22. Bxh6 Bg3 23. Qc3 gxh6 24. Qxg3 Nb7 25. Bh5+ 1-0

[Event "C.to Provinciale CO"]
[Site "Mariano Comense ITA"]
[Date "2005.03.06"]
[Round "2"]
[White "Revinelli, Sergio"]
[Black "Bernasconi, Roberto"]
[Result "1/2-1/2"]
[WhiteElo "1834"]
[BlackElo "1803"]
[PlyCount "35"]
[EventDate "2005.03.05"]

1. e4 e5 2. Nf3 Nf6 3. d4 Nxe4 4. Bd3 d5 5. dxe5 Be7 6. h3 Nc6 7. O-O O-O 8. c3
Bf5 9. Bf4 Qd7 10. Nbd2 Nc5 11. Bxf5 Qxf5 12. Bg3 Rad8 13. Rc1 d4 14. cxd4 Nxd4
15. Nxd4 Rxd4 16. Qc2 Qxc2 17. Rxc2 Rfd8 18. Nf3 1/2-1/2

[Event "C.to Provinciale CO"]
[Site "Mariano Comense ITA"]
[Date "2005.03.06"]
[Round "3"]
[White "Bernasconi, Roberto"]
[Black "Bellotto, Stefano"]
[Result "1/2-1/2"]
[WhiteElo "1803"]
[BlackElo "2041"]
[PlyCount "34"]
[EventDate "2005.03.05"]

1. e4 d6 2. d4 Nf6 3. Nc3 c6 4. Nf3 Bg4 5. h3 Bh5 6. Be3 e6 7. Be2 d5 8. exd5
cxd5 9. g4 Bg6 10. Ne5 Nc6 11. Bb5 a6 12. Nxc6 Qb6 13. Ne5+ axb5 14. a4 b4 15.
Nb5 Rc8 16. c3 Ne4 17. Rc1 f6 1/2-1/2

[Event "C.to Provinciale CO"]
[Site "Mariano Comense ITA"]
[Date "2005.03.06"]
[Round "3"]
[White "Buonocore, Elio"]
[Black "Grassetto, Gilberto"]
[Result "1-0"]
[WhiteElo "2170"]
[BlackElo "1724"]
[PlyCount "101"]
[EventDate "2005.03.05"]

1. e4 c5 2. Nf3 d6 3. d4 cxd4 4. Nxd4 Nf6 5. Nc3 a6 6. Bg5 e6 7. f4 Be7 8. Qf3
Qc7 9. O-O-O Nc6 10. Nxc6 bxc6 11. e5 dxe5 12. fxe5 Nd5 13. Bxe7 Nxe7 14. Ne4
O-O 15. Qh5 Ng6 16. Nd6 a5 17. Bd3 Ba6 18. Bxg6 fxg6 19. Qg4 Qe7 20. Rd2 a4 21.
c4 c5 22. Rhd1 Rad8 23. g3 Rb8 24. Qe4 Bb7 25. Qe3 Bf3 26. Rf1 Bg4 27. Rxf8+
Rxf8 28. Rf2 Rxf2 29. Qxf2 Qg5+ 30. Qf4 Qxf4+ 31. gxf4 h6 32. Nb7 Kf7 33. Nxc5
g5 34. fxg5 h5 35. h4 Kg6 36. Kd2 Kf5 37. Ke3 Kxe5 38. Nxa4 Kd6 39. b4 Bf5 40.
Nc3 g6 41. a4 Kc6 42. Kd4 Kd6 43. c5+ Kc6 44. b5+ Kc7 45. a5 Bh3 46. Ke5 Kd7
47. Ne2 Bf1 48. Nd4 Bc4 49. c6+ Kc7 50. b6+ Kc8 51. Nxe6 1-0

[Event "C.to Provinciale CO"]
[Site "Mariano Comense ITA"]
[Date "2005.03.06"]
[Round "3"]
[White "Concavo, Daniele"]
[Black "Revinelli, Sergio"]
[Result "0-1"]
[WhiteElo "1482"]
[BlackElo "1834"]
[PlyCount "66"]
[EventDate "2005.03.05"]

1. e4 e5 2. Nf3 Nc6 3. Bb5 f5 4. Nc3 fxe4 5. Nxe4 d5 6. Nxe5 dxe4 7. Nxc6 Qg5
8. Qe2 Nf6 9. f4 Qxf4 10. d4 Qh4+ 11. g3 Qh3 12. Ne5+ c6 13. Bc4 Be6 14. Bg5
Bd6 15. O-O-O O-O-O 16. Rhf1 Rhf8 17. Bxe6+ Qxe6 18. Bf4 Qxa2 19. c3 Nd5 20.
Kc2 Qa4+ 21. Kd2 Nf6 22. Ra1 Qb3 23. Ke3 a6 24. Ra5 Nd5+ 25. Kxe4 Nf6+ 26. Kf3
Bc7 27. Ra3 Qd5+ 28. Kf2 g5 29. Bxg5 Ne4+ 30. Kg1 Nxg5 31. Rxf8 Rxf8 32. Qg4+
Ne6 33. c4 Qxd4+ 0-1

[Event "C.to Provinciale CO"]
[Site "Mariano Comense ITA"]
[Date "2005.03.06"]
[Round "3"]
[White "Emoroso, Claudio"]
[Black "Molteni, Costantino"]
[Result "1/2-1/2"]
[WhiteElo "1790"]
[BlackElo "1986"]
[PlyCount "97"]
[EventDate "2005.03.05"]

1. e4 Nf6 2. e5 Nd5 3. d4 d6 4. Nf3 dxe5 5. Nxe5 c6 6. Be2 Nd7 7. O-O Nxe5 8.
dxe5 Bf5 9. a3 e6 10. c4 Nb6 11. Qxd8+ Rxd8 12. Be3 Be7 13. Nc3 O-O 14. Rfd1 h6
15. f4 Bc2 16. Rxd8 Rxd8 17. c5 Nd5 18. Nxd5 exd5 19. Rc1 Be4 20. Bd4 g6 21.
Kf2 Rf8 22. g3 f6 23. exf6 Bxf6 24. Bxf6 Rxf6 25. Bf3 Bxf3 26. Kxf3 g5 27. Re1
Kf7 28. b4 gxf4 29. gxf4 Re6 30. Rd1 Re4 31. Rd3 h5 32. Kg3 Kg6 33. Rf3 Kf5 34.
h3 h4+ 35. Kxh4 Rxf4+ 36. Kg3 Rxf3+ 37. Kxf3 Kg5 38. Kg3 Kh5 39. h4 a6 40. a4
d4 41. Kf4 Kxh4 42. Ke4 Kg4 43. Kxd4 Kf4 44. Kc4 Ke3 45. b5 axb5+ 46. axb5 Ke4
47. bxc6 bxc6 48. Kc3 Kd5 49. Kd3 1/2-1/2

[Event "C.to Provinciale CO"]
[Site "Mariano Comense ITA"]
[Date "2005.03.06"]
[Round "3"]
[White "Gagliardi, Christian"]
[Black "Perissinotto, Claudio"]
[Result "1-0"]
[WhiteElo "2091"]
[BlackElo "2100"]
[PlyCount "79"]
[EventDate "2005.03.05"]

1. e4 c5 2. Nf3 d6 3. c4 g6 4. Nc3 Nc6 5. Be2 Bg7 6. O-O Nf6 7. h3 O-O 8. d3
Ne8 9. Re1 Nc7 10. Be3 Ne6 11. Rb1 a6 12. Ng5 Ned4 13. f4 b5 14. Qd2 Qa5 15.
Bd1 b4 16. Na4 Bd7 17. b3 h6 18. Nf3 Nxf3+ 19. Bxf3 Nd4 20. Bd1 f5 21. e5 Nc6
22. Qf2 Kh7 23. Nxc5 dxc5 24. Bxc5 Rab8 25. d4 Rfe8 26. d5 Nd8 27. Bf3 e6 28.
Rbc1 exd5 29. cxd5 Rb5 30. Bd6 Qb6 31. Rc7 Qxf2+ 32. Kxf2 Rb7 33. Rxb7 Nxb7 34.
Bxb4 Rc8 35. Ke3 a5 36. Ba3 Bb5 37. Rc1 Rxc1 38. Bxc1 Bf8 39. d6 Nxd6 40. Ba3
1-0

[Event "C.to Provinciale CO"]
[Site "Mariano Comense ITA"]
[Date "2005.03.06"]
[Round "3"]
[White "Liscio, Giovanni"]
[Black "Pede, Lucio"]
[Result "0-1"]
[WhiteElo "1964"]
[BlackElo "1694"]
[PlyCount "26"]
[EventDate "2005.03.05"]

1. Nf3 d5 2. d4 Nf6 3. c4 c6 4. Nc3 h6 5. e3 Bf5 6. cxd5 cxd5 7. Ne5 e6 8. Bb5+
Nfd7 9. O-O Bd6 10. Qa4 Bxe5 11. dxe5 a6 12. f4 O-O 13. Ne2 Nb6 0-1

[Event "C.to Provinciale CO"]
[Site "Mariano Comense ITA"]
[Date "2005.03.06"]
[Round "3"]
[White "Mason, Giovanni"]
[Black "Dei Giudici, Paolo"]
[Result "0-1"]
[WhiteElo "1556"]
[BlackElo "1754"]
[PlyCount "84"]
[EventDate "2005.03.05"]

1. e4 e5 2. Nf3 Nc6 3. c3 Nf6 4. d3 Bc5 5. h3 O-O 6. Be2 Re8 7. a4 a5 8. c4 d6
9. O-O Nd4 10. Nxd4 Bxd4 11. Nc3 Bd7 12. Be3 Bxe3 13. fxe3 c6 14. Bf3 Qb6 15.
Qd2 Be6 16. Kh1 Rad8 17. Rab1 Nd7 18. Na2 Qc7 19. b4 b6 20. Nc3 axb4 21. Rxb4
Nc5 22. Rfb1 Rb8 23. Be2 f5 24. exf5 Bxf5 25. e4 Bg6 26. Bf3 Rf8 27. d4 exd4
28. Qxd4 Nxe4 29. Bxe4 c5 30. Bd5+ Kh8 31. Nb5 Qe7 32. Qd1 cxb4 33. Rxb4 Bd3
34. Bf3 d5 35. Rb2 dxc4 36. Qd2 Be4 37. Qe3 Qf6 38. Nd4 Bxf3 39. gxf3 Qh4 40.
Rh2 Rbe8 41. Qf2 Re1+ 42. Kg2 Qg5+ 0-1

[Event "C.to Provinciale CO"]
[Site "Mariano Comense ITA"]
[Date "2005.03.06"]
[Round "3"]
[White "Raineri, Pieroberto"]
[Black "Corti, Filippo"]
[Result "0-1"]
[WhiteElo "1583"]
[BlackElo "1640"]
[PlyCount "58"]
[EventDate "2005.03.05"]

1. Nf3 Nf6 2. c4 g6 3. d4 Bg7 4. Nc3 d6 5. e4 O-O 6. Be2 Nbd7 7. O-O e5 8. Be3
c6 9. dxe5 dxe5 10. Qd2 Qe7 11. Bh6 Re8 12. Rad1 Nc5 13. Bg5 Bg4 14. h3 Bxf3
15. Bxf3 Rad8 16. Qe3 b6 17. Bh4 Ne6 18. Rd2 Rxd2 19. Qxd2 Rd8 20. Qe3 Nd4 21.
Bd1 Qe6 22. b3 Rd7 23. Bxf6 Qxf6 24. Bg4 Re7 25. Rd1 h5 26. Be2 Kh7 27. Bf1 Bh6
28. Qd3 Rd7 29. Kh1 Qxf2 0-1

[Event "C.to Provinciale CO"]
[Site "Mariano Comense ITA"]
[Date "2005.03.06"]
[Round "3"]
[White "Rossi, Giampiero"]
[Black "Napoli, Ferdinando"]
[Result "1-0"]
[WhiteElo "2029"]
[BlackElo "1862"]
[PlyCount "55"]
[EventDate "2005.03.05"]

1. d4 Nf6 2. c4 g6 3. g3 Bg7 4. Bg2 d6 5. Nc3 O-O 6. Nf3 c6 7. O-O Re8 8. b3
Qa5 9. Qd2 e5 10. Bb2 Nbd7 11. Rfd1 Qc7 12. e3 exd4 13. Nxd4 Nc5 14. Rac1 Qe7
15. Nxc6 bxc6 16. Bxc6 Nfe4 17. Nd5 Qg5 18. Qc2 Bf5 19. f4 Qg4 20. Bxg7 Kxg7
21. Qb2+ Kh6 22. Bxa8 Rxa8 23. b4 Na4 24. Qg2 Rb8 25. Rd4 Re8 26. c5 dxc5 27.
bxc5 Naxc5 28. Rxc5 1-0

[Event "C.to Provinciale CO"]
[Site "Mariano Comense ITA"]
[Date "2005.03.12"]
[Round "4"]
[White "Bellotto, Stefano"]
[Black "Emoroso, Claudio"]
[Result "1/2-1/2"]
[WhiteElo "2041"]
[BlackElo "1790"]
[PlyCount "91"]
[EventDate "2005.03.05"]

1. d4 d5 2. c4 e6 3. Nc3 Nf6 4. cxd5 exd5 5. Bg5 Be7 6. e3 c6 7. Qc2 h6 8. Bh4
Nh5 9. Bxe7 Qxe7 10. Nxd5 Qd6 11. Nc3 O-O 12. Nf3 Re8 13. Be2 Nf6 14. O-O Bg4
15. h3 Bh5 16. Ne5 Bxe2 17. Nxe2 Nbd7 18. Nc4 Qd5 19. Nf4 Qg5 20. Nd6 Re7 21.
Nf5 Re4 22. Nd6 Re7 23. h4 Qa5 24. Nxb7 Qc7 25. Nc5 g5 26. Nce6 fxe6 27. Qg6+
Kh8 28. Qxh6+ Rh7 29. Ng6+ Kg8 30. Qxg5 Rg7 31. Rac1 Kh7 32. h5 Rag8 33. g3 Ne4
34. Qf4 Qxf4 35. exf4 c5 36. dxc5 Ndxc5 37. g4 Nd3 38. Rc2 Nxf4 39. f3 Nxg6 40.
hxg6+ Rxg6 41. Rh2+ Rh6 42. fxe4 Rxg4+ 43. Rg2 Rhg6 44. Rff2 Rxe4 45. Rf7+ Kh6
46. Rxa7 1/2-1/2

[Event "C.to Provinciale CO"]
[Site "Mariano Comense ITA"]
[Date "2005.03.12"]
[Round "4"]
[White "Corti, Filippo"]
[Black "Liscio, Giovanni"]
[Result "0-1"]
[WhiteElo "1640"]
[BlackElo "1964"]
[PlyCount "66"]
[EventDate "2005.03.05"]

1. Nf3 d5 2. g3 Nd7 3. d4 e6 4. Bg2 Ngf6 5. Nbd2 c5 6. c3 Bd6 7. O-O O-O 8. Re1
b6 9. e4 dxe4 10. Nxe4 Nxe4 11. Rxe4 Bb7 12. Re2 Qc7 13. dxc5 Nxc5 14. Nd4 Bxg2
15. Kxg2 Rad8 16. Qc2 Rfe8 17. Be3 Bf8 18. Kg1 a6 19. Rae1 e5 20. Nf3 f6 21.
Bxc5 Bxc5 22. Nd2 b5 23. Ne4 Ba7 24. Kf1 Qc6 25. Qb3+ Kh8 26. Qf7 Bb6 27. f3
Rf8 28. Qh5 Ba7 29. g4 Rd7 30. Qh3 Rfd8 31. f4 Rd3 32. Qg2 exf4 33. Nf2 Qxg2+
0-1

[Event "C.to Provinciale CO"]
[Site "Mariano Comense ITA"]
[Date "2005.03.12"]
[Round "4"]
[White "Dei Giudici, Paolo"]
[Black "Concavo, Daniele"]
[Result "1/2-1/2"]
[WhiteElo "1754"]
[BlackElo "1482"]
[PlyCount "105"]
[EventDate "2005.03.05"]

1. e4 c5 2. Nf3 Nc6 3. d4 cxd4 4. Nxd4 Nf6 5. Nc3 e5 6. Ndb5 d6 7. Nd5 Nxd5 8.
exd5 Nb8 9. Be3 a6 10. Na3 Be7 11. Qd2 O-O 12. Nc4 Nd7 13. b4 f5 14. f4 e4 15.
Rb1 Qc7 16. Be2 Bf6 17. Rb3 b5 18. Na5 Nb6 19. O-O Bd7 20. Rc1 Nc4 21. Nxc4
bxc4 22. Rbb1 c3 23. Qd1 Bb5 24. a3 Rfb8 25. Ra1 Bc4 26. Qf1 Bxe2 27. Qxe2 Rb5
28. Rd1 Qb7 29. Qc4 Rc8 30. Qa2 a5 31. Rab1 axb4 32. Qb3 Rb8 33. a4 Ra5 34. Bd4
Bxd4+ 35. Rxd4 Qa7 36. Qc4 Rxa4 37. Kf1 Ra1 38. Rdd1 Rxb1 39. Rxb1 Qe3 40. Rxb4
Qxf4+ 41. Ke2 Qd2+ 42. Kf1 Qd1+ 43. Kf2 Qxc2+ 44. Kf1 Rxb4 45. Qc8+ Kf7 46.
Qe6+ Kf8 47. Qxf5+ Ke7 48. Qe6+ Kd8 49. Qxd6+ Kc8 50. Qc5+ Kd7 51. Qc6+ Kd8 52.
Qd6+ Ke8 53. Qe6+ 1/2-1/2

[Event "C.to Provinciale CO"]
[Site "Mariano Comense ITA"]
[Date "2005.03.12"]
[Round "4"]
[White "Grassetto, Gilberto"]
[Black "Viale, Fabio"]
[Result "0-1"]
[WhiteElo "1724"]
[BlackElo "1577"]
[PlyCount "88"]
[EventDate "2005.03.05"]

1. d4 Nf6 2. c4 e6 3. Nc3 Bb4 4. Qc2 c5 5. dxc5 O-O 6. a3 Bxc5 7. b4 Be7 8. Nf3
b6 9. e3 Bb7 10. Be2 Na6 11. Bb2 Qc7 12. Nb5 Qb8 13. O-O Nc7 14. Nbd4 Be4 15.
Bd3 Qb7 16. Rfd1 Rfd8 17. Rac1 Rac8 18. Ne1 Bxd3 19. Rxd3 d5 20. c5 bxc5 21.
bxc5 Qa6 22. c6 Ne4 23. f3 Nc5 24. Rdd1 Nb5 25. Nd3 Nxd4 26. Nxc5 Ne2+ 27. Kf2
Bxc5 28. Qxe2 Qxe2+ 29. Kxe2 Rxc6 30. e4 Rcc8 31. exd5 exd5 32. Bd4 Bxd4 33.
Rxc8 Rxc8 34. Rxd4 Rc5 35. Kd3 Ra5 36. a4 g6 37. Rb4 Kg7 38. g4 Kf6 39. Kc3 Ke5
40. Kb3 Ra6 41. Rb5 Kd4 42. h3 Rb6 43. Kb4 Rxb5+ 44. Kxb5 Ke3 0-1

[Event "C.to Provinciale CO"]
[Site "Mariano Comense ITA"]
[Date "2005.03.12"]
[Round "4"]
[White "Molteni, Costantino"]
[Black "Napoli, Ferdinando"]
[Result "1-0"]
[WhiteElo "1986"]
[BlackElo "1862"]
[PlyCount "59"]
[EventDate "2005.03.05"]

1. d4 Nf6 2. Nf3 g6 3. Nbd2 Bg7 4. e4 d6 5. Bd3 Nbd7 6. O-O O-O 7. c3 a6 8. a4
Re8 9. Re1 e5 10. Qc2 d5 11. dxe5 Nxe5 12. Nxe5 Rxe5 13. f4 dxe4 14. fxe5 exd3
15. Qd1 Ng4 16. Nf3 Qd5 17. Bf4 Qc5+ 18. Nd4 Bxe5 19. Bxe5 Nxe5 20. Kh1 Bg4 21.
Rxe5 Qxe5 22. Qxg4 Re8 23. Qd1 c5 24. Nf3 Qe3 25. c4 Rd8 26. h3 Qe2 27. Qxe2
dxe2 28. Re1 Rd1 29. Kh2 f5 30. Rxe2 1-0